000 01054nam a2200241 i 4500
001 151478
003 ES-MaACL
005 20250930063129.0
008 940206s1791 sp |||| | spa d
040 _aCAV
_bspa
100 1 _aAndrés, Juan,
_d1740-1817
_921576
245 1 0 _aCartas familiares del abate D. Juan Andres a su hermano D. Carlos Andres, dandole noticia del viage que hizo á varias ciudades de Italia en... 1785 /
_cpublicadas por el mismo D. Carlos ; tomo I.
260 _aEn Madrid :
_ben la Imprenta de Sancha, se hallará en su libreria...,
_c1791.
300 _a[8], 271 p. ;
_c8º.
597 _aSign.: [ ]4, A-R8.
597 _aAntep.
600 1 7 _aAndrés, Carlos,
_d1753-1821-
_vCorrespondencia
_2
_9153333
600 1 7 _aAndrés, Juan,
_d1740-1817-
_vCorrespondencia
_2
_9153332
651 4 _aItalia-
_xDescripción-
_yS.XVIII.
_98863
700 1 _aAndrés, Carlos,
_d1753-1821
_921569
852 _aES-MaACL
_jR-486-90
_z-- Enc. pasta roja con hierros dorados en el lomo
_x-- Olim: G-331-5
999 _c151478
_d151478